| 000 | 00737nam a2200241 a 4500 | ||
|---|---|---|---|
| 001 | 718 | ||
| 003 | CDMR | ||
| 005 | 20131106103437.0 | ||
| 008 | 130130s1991||||||||||||||||||||||||||||d | ||
| 020 | _a8486491509 | ||
| 040 |
_aCDMR _bcat _cCDMR |
||
| 100 | 1 |
_aCalders, Pere _9553 |
|
| 245 | 1 | 0 |
_aDibuixos de guerra a L'Esquella de la Torratxa _cKalders i Tísner ; recull, pròleg i comentaris: Lluís Solà i Dachs |
| 250 | _a2a ed. | ||
| 260 |
_aBarcelona _c1991 _bLa Campana |
||
| 300 |
_a124 p. ; _c20 cm |
||
| 490 | 0 |
_aLa Campana _v39 |
|
| 490 | 0 |
_aHumor i Sàtira _v8 |
|
| 650 | 4 |
_93084 _aHumorisme gràfic _y1936-1939 |
|
| 700 | 1 |
_92923 _aArtís-Gener, Avel·lí _d1912-2000 |
|
| 700 | 1 |
_9555 _aSolà i Dachs, Lluís |
|
| 942 |
_cMON _2udc |
||
| 999 |
_c718 _d718 |
||